Detalles MARC
| 000 -LEADER |
| campo de control de longitud fija |
02690nam a22004217ua4500 |
| 001 - NÚMERO DE CONTROL |
| campo de control |
1858 |
| 003 - IDENTIFICADOR DE NÚMERO DE CONTROL |
| campo de control |
gttocutb |
| 005 - FECHA Y HORA DE LA ÚLTIMA TRANSACCIÓN |
| campo de control |
20250916172544.0 |
| 007 - CAMPO FIJO DE DESCRIPCIÓN FÍSICA--INFORMACIÓN GENERAL |
| campo de control de longitud fija |
ta |
| 008 - DATOS DE LONGITUD FIJA--INFORMACIÓN GENERAL |
| campo de control de longitud fija |
250916e2012 gt ||||| |||| 001 0 spa d |
| 020 1# - NÚMERO INTERNACIONAL ESTÁNDAR DEL LIBRO |
| Número Internacional Estándar del Libro |
9789929552524 |
| 040 1# - FUENTE DE CATALOGACIÓN |
| Centro catalogador/agencia de origen |
gttocutb |
| Lengua de catalogación |
spa |
| Centro/agencia transcriptor |
gttocutb |
| Centro/agencia modificador |
gttocutb |
| Normas de descripción |
rda |
| 082 04 - NÚMERO DE LA CLASIFICACIÓN DECIMAL DEWEY |
| Número de clasificación |
345.05 F475:14c |
| 100 1# - ENTRADA PRINCIPAL--NOMBRE DE PERSONA |
| Nombre de persona |
Figueroa Sarti, Raúl, |
| Término indicativo de función/relación |
autor. |
| 245 1# - MENCIÓN DEL TÍTULO |
| Título |
Código procesal penal: Concordado y anotado con la jurisprudencia constitucional |
| Resto del título |
Incluye exposición de motivos por César Barrientos Pellecer. |
| Mención de responsabilidad, etc. |
Raúl Figueroa Sarti. |
| 250 1# - MENCION DE EDICION |
| Mención de edición |
14a. |
| 264 1# - PRODUCCIÓN, PUBLICACIÓN, DISTRIBUCIÓN, FABRICACIÓN Y COPYRIGHT |
| Producción, publicación, distribución, fabricación y copyright |
Guatemala: |
| Nombre del de productor, editor, distribuidor, fabricante |
F&G editores, |
| Fecha de producción, publicación, distribución, fabricación o copyright |
2012. |
| 264 1# - PRODUCCIÓN, PUBLICACIÓN, DISTRIBUCIÓN, FABRICACIÓN Y COPYRIGHT |
| Fecha de producción, publicación, distribución, fabricación o copyright |
© 2012. |
| 300 1# - DESCRIPCIÓN FÍSICA |
| Extensión |
382 páginas , |
| Dimensiones |
26 cm. |
| 336 1# - TIPO DE CONTENIDO |
| Fuente |
rdacontenido |
| Término de tipo de contenido |
texto |
| Código de tipo de contenido |
txt |
| 337 1# - TIPO DE MEDIO |
| Fuente |
rdamedio |
| Nombre/término del tipo de medio |
sin mediación |
| Código del tipo de medio |
n |
| 338 1# - TIPO DE SOPORTE |
| Fuente |
rdasoporte |
| Nombre/término del tipo de soporte |
volumen |
| Código del tipo de soporte |
nc |
| 505 0# - NOTA DE CONTENIDO CON FORMATO |
| Información miscelánea |
Contenido: |
| 505 0# - NOTA DE CONTENIDO CON FORMATO |
| Información miscelánea |
1: Marco general -- |
| 505 0# - NOTA DE CONTENIDO CON FORMATO |
| Mención de responsabilidad |
2. Estructura del Código -- |
| 505 0# - NOTA DE CONTENIDO CON FORMATO |
| Información miscelánea |
3. Libro primero: Disposiciones generales -- |
| 505 0# - NOTA DE CONTENIDO CON FORMATO |
| Información miscelánea |
4. Libro segundo: procedimiento común -- |
| 505 0# - NOTA DE CONTENIDO CON FORMATO |
| Información miscelánea |
5. Libro tercero: impugnaciones -- |
| 505 0# - NOTA DE CONTENIDO CON FORMATO |
| Información miscelánea |
6. Libro cuarto: procedimientos especifico -- |
| 505 0# - NOTA DE CONTENIDO CON FORMATO |
| Información miscelánea |
7. Libro quinto: ejecución penal-- |
| 505 0# - NOTA DE CONTENIDO CON FORMATO |
| Información miscelánea |
8. Libro sexto: costas e impugnaciones -- |
| 505 0# - NOTA DE CONTENIDO CON FORMATO |
| Información miscelánea |
9. Disposiciones finales -- |
| 505 0# - NOTA DE CONTENIDO CON FORMATO |
| Información miscelánea |
10. Decreto número 51-92 |
| 520 0# - RESUMEN, ETC. |
| Sumario, etc. |
De contraportada: esta edición del Código Procesal Penal incluye el Decreto 51-92 actualizado con todas las reformas aprobadas por el Congreso de la República de Guatemala. Las derogatorias, enmiendas, adiciones y sustituciones derivadas de dichas reformas están incorporadas en el articulado. Además, esta edición incluye las concordancias del Código con las principales leyes relacionadas, entre ellas el Código Penal, la Constitución Política, la Ley del Organismo Judicial, etc. y está anotada con las resoluciones de la Corte de Constitucionalidad. Contiene referencias internas, un índice temático de referencia a los conceptos principales —aproximadamente 500 entradas primarias y secundarias—, que facilita la rápida localización de los temas de interés del lector.<br/><br/>La Exposición de Motivos elaborada por el Lic. César Barrientos Pellecer contribuye al conocimiento de “la interpretación auténtica del legislador extraída del seguimiento de la iniciativa de ley, las discusiones y argumentos que originaron dicho código y la explicación del espíritu que animó la ley.” |
| 521 0# - NOTA DE PÚBLICO DESTINATARIO |
| Nota de público destinatario |
Recomendado para docentes y estudiantes de Derecho. |
| 650 14 - PUNTO DE ACCESO ADICIONAL DE MATERIA--TÉRMINO DE MATERIA |
| Fuente del encabezamiento o término |
LEMB |
| Término de materia o nombre geográfico como elemento de entrada |
Derecho. Procesal penal. Sujetos procesales. Persecución penal. Código procesal penal guatemalteco. |
| 942 ## - ELEMENTOS DE ENTRADA SECUNDARIOS (KOHA) |
| Fuente de la clasificación o esquema de estantería |
Clasificación Decimal Dewey |
| Tipo de ítem Koha |
Libros |
| Suprimir en OPAC |
No |
| Edición |
14a. |